| 000 | 00463nam a2200181Ia 4500 | ||
|---|---|---|---|
| 001 | 13301 | ||
| 005 | 20260306164751.0 | ||
| 008 | 260306t2016||||xx |||||||||||||| ||spa|| | ||
| 041 | _aESP | ||
| 082 |
_a001.42 _bM43 |
||
| 100 |
_aMerriam, Sharan B., _eAUT |
||
| 245 | 0 |
_aQualitative research : _ba guide to design and implementation |
|
| 260 | _c2016 | ||
| 300 |
_axix, 346 páginas : _c22 cm. |
||
| 650 | _aGEN | ||
| 654 | _aCHU | ||
| 942 |
_cLIB _dJUS _fJUS _2ddc _n |
||
| 999 |
_c13301 _d13301 |
||